| 000 | 01463nam a22003977a 4500 | ||
|---|---|---|---|
| 001 | 12404624 | ||
| 003 | OSt | ||
| 005 | 20210426064246.0 | ||
| 008 | 010510s2002 nyua b 001 0deng | ||
| 010 | _a 2001034557 | ||
| 020 | _a0393048934 | ||
| 040 |
_aDLC _cDLC _dDLC |
||
| 043 | _ae------ | ||
| 050 | 0 | 0 |
_aCB415 _b.G39 2002 |
| 080 |
_a94 _bG-28 |
||
| 082 | 0 | 0 |
_a940.2/8/08622 _221 |
| 100 | 1 |
_aGay, Peter, _d1923-2015. |
|
| 245 | 1 | 0 |
_aSchnitzler's century : _bthe making of middle-class culture, 1815-1914 / _cPeter Gay. |
| 250 | _a1st ed. | ||
| 260 |
_aNew York : _bNorton, _cc2002. |
||
| 300 |
_axxix, 334 p. : _bill. ; _c24 cm. |
||
| 365 | _a27.95 USD | ||
| 504 | _aIncludes bibliographical references (p. [315]-316)and index. | ||
| 600 | 0 | 0 |
_aSchnitzler, Arthur, _d1862-1931. |
| 650 | 0 |
_aCivilization, Modern _y19th century. |
|
| 650 | 0 |
_aCivilization, Modern _y20th century. |
|
| 650 | 0 |
_aMiddle class _xHistory _y19th century. |
|
| 650 | 0 | _aNineteenth century. | |
| 651 | 0 |
_aEurope _xSocial life and customs _y19th century. |
|
| 651 | 0 |
_aEurope _xIntellectual life _y19th century. |
|
| 651 | 0 |
_aEurope _xCivilization _y19th century. |
|
| 653 | _aისტორია | ||
| 906 |
_a7 _bcbc _corignew _d1 _eocip _f20 _gy-gencatlg |
||
| 942 |
_2udc _cBK |
||
| 999 |
_c1451 _d1451 |
||